Střední vrstvy a rétorika liberalismu

Ideológia liberalizmu a vznik neoliberalizmu. Orientácia a hodnoty stredných podnikateľských vrstiev.

Uložené v:
Podrobná bibliografia
Hlavný autor: Keller, Jan
Médium: Kapitola
Jazyk:Czech
Predmet:
Tagy: Pridať tag
Žiadne tagy, Buďte prvý, kto otaguje tento záznam!

MARC

LEADER 00000naa a2200000 4500
001 r045278
005 20231003115057.7
041 0 |a cze 
044 |a CZ 
245 1 0 |a Střední vrstvy a rétorika liberalismu  |c Jan Keller 
520 |a Ideológia liberalizmu a vznik neoliberalizmu. Orientácia a hodnoty stredných podnikateľských vrstiev. 
610 2 0 |a liberalizmus 
610 2 0 |a neoliberalizmus 
610 2 0 |a podnikanie stredné 
610 2 0 |a trh 
610 2 0 |a demokracia 
610 2 0 |a teórie ekonomické 
610 2 0 |a moc štátna 
100 1 |a Keller, Jan